00833nam a2200229 a 4500001001000000003000900010005001700019008003400036020001500070040002500085082002400110100003800134245015200172260004600324300002600370500006300396504003400459650002900493650002600522650003100548650002400579000006586DO-SdBNP20240723103759.0090901s2001 dr 001 0 spa d a9993402222 aDO-SdBNPbspacBPMSU 4a100bR789f 20012221 aRosario Jiménez, José,d1953-13aLa filosofía en su diversidad :bcompendio de las principales corrientes filosóficas clásicas y contemporáneas /cJosé Rosario Jiménez. aSanto Domingo :bEditora Corripio,c2001. a254 p. :bil., retrs. aIncluye datos biográficos del autor en la contracubierta aBibliografía : p. 251- 254. 4aFilosofíaxEnseñanza 4aFilosofíaxHistoria 4aCategorías (filosofía) 4aFilosofía moderna